Optimalizácia návrhu založenia výrobných hál v prostredí kvartérnych zemín

Gespeichert in:
Bibliographische Detailangaben
1. Verfasser: Švejdová, Soňa (Verfasst von)
Weitere Verfasser: Súľovská, Monika (Betreuung Doktorarbeit)
Format: Manuskript Buch
Sprache:Slowakisch
Veröffentlicht: 2017
Schlagworte:
Online-Zugang:http://is.stuba.sk/zp/portal_zp.pl?podrobnosti=117041
https://opac.crzp.sk/?fn=detailBiblioForm&sid=4B7A8F8230E492173915608DC396
Tags: Tag hinzufügen
Keine Tags, Fügen Sie das erste Tag hinzu!

MARC

LEADER 00000ntm a22000003a 4500
001 stuzp62554
003 SK-STU
005 20230821131601.7
007 ta
008 150427s2015----xo-----f-mn---000-0-slo-d
040 |a STU  |b slo 
041 0 |a slo 
100 1 |a Švejdová, Soňa  |u 010150  |4 aut  |U SvF Stavebná fakulta  |T SvF Katedra geotechniky  |X 7622  |U V150  |Y 15  |7 A000007622 
242 0 1 |a OOptimization of the foundation of the production halls in quaternary subsoil  |y eng 
245 1 0 |a Optimalizácia návrhu založenia výrobných hál v prostredí kvartérnych zemín 
260 |c 2017 
650 4 |a sadanie podláh  |2 slo 
650 4 |a plošné a hĺbkové základy  |2 slo 
650 4 |a zlepšenie základovej pôdy  |2 slo 
650 4 |a spread and deep foundations  |2 eng 
650 4 |a adjustment of the subsoil  |2 eng 
650 4 |a subsidence of the floor slab  |2 eng 
700 1 |a Súľovská, Monika  |u 010150  |k Z1  |4 ths  |U SvF Stavebná fakulta  |T SvF Katedra geotechniky  |X 700  |U V150  |Y 15  |7 A000000700 
856 4 |u http://is.stuba.sk/zp/portal_zp.pl?podrobnosti=117041 
856 4 |u https://opac.crzp.sk/?fn=detailBiblioForm&sid=4B7A8F8230E492173915608DC396